[Event "Moscow op (Women) 17th"]
[Site "Moscow"]
[Date "2021.02.27"]
[Round "8"]
[White "Uzintseva, Daria"]
[Black "Tsamalaidze, Liana"]
[Result "0-1"]
[WhiteElo "1326"]
[BlackElo "1446"]
[PlyCount "60"]
[EventDate "2021.02.20"]
[EventType "swiss"]
[EventRounds "9"]
[EventCountry "RUS"]
[SourceTitle "CBM 200 Extra"]
[Source "ChessBase"]
[SourceDate "2021.03.31"]
[SourceVersion "1"]
[SourceVersionDate "2021.03.31"]
[SourceQuality "1"]

1. d4 Nf6 2. c4 e6 3. g3 d5 4. Bg2 c6 5. Qc2 Bd6 6. Nf3 0-0 7. 0-0 Nbd7 8. Nbd2 e5 9. e4 dxe4 10. Nxe5 Nxe5 11. dxe5 Bxe5 12. Nxe4 Nxe4 13. Bxe4 f5 14. Bg2 f4 15. Qe4 Qf6 16. Bxf4 Bxf4 17. Qxf4 Qxb2 18. Qe3 Bf5 19. Qb3 Qxb3 20. axb3 Rf7 21. Rfe1 a6 22. c5 Kf8 23. b4 Rd8 24. Rad1 Rfd7 25. Bf3 Rd4 26. Kg2 R8d7 27. Re5 g6 28. Rxd4 Rxd4 29. Re1 Rxb4 30. Rc1 a5 0-1

[Event "Moscow op (Women) 17th"]
[Site "Moscow"]
[Date "2021.02.24"]
[Round "5"]
[White "Yusupova, Elina"]
[Black "Uzintseva, Daria"]
[Result "1/2-1/2"]
[WhiteElo "1575"]
[BlackElo "1326"]
[PlyCount "98"]
[EventDate "2021.02.20"]
[EventType "swiss"]
[EventRounds "9"]
[EventCountry "RUS"]
[SourceTitle "CBM 200 Extra"]
[Source "ChessBase"]
[SourceDate "2021.03.31"]
[SourceVersion "1"]
[SourceVersionDate "2021.03.31"]
[SourceQuality "1"]

1. d4 Nf6 2. Nf3 e6 3. e3 b6 4. Bd3 Bb7 5. b3 Be7 6. Bb2 0-0 7. 0-0 c5 8. Nbd2 d5 9. Ne5 Nc6 10. a3 Nd7 11. f4 f6 12. Qh5 f5 13. Nxd7 Qxd7 14. dxc5 bxc5 15. Nf3 Bf6 16. Bxf6 Rxf6 17. Bb5 Qc7 18. Bxc6 Bxc6 19. Ne5 Rff8 20. Nxc6 Qxc6 21. Qf3 Rac8 22. Rfd1 Qb6 23. Rab1 Qa6 24. a4 c4 25. Qe2 Rc7 26. h3 Qa5 27. g4 cxb3 28. cxb3 g6 29. Rb2 Rfc8 30. Rdd2 Qc3 31. Kh2 Qb4 32. Rd4 Qc3 33. Kg3 Qc1 34. Rd1 Qc3 35. Rdd2 Qb4 36. Rd4 Qc3 37. Kf2 Qc1 38. Rd1 Qxb2 39. Qxb2 Rc2+ 40. Rd2 Rxb2 41. Rxb2 a5 42. b4 axb4 43. Rxb4 Rc2+ 44. Kg3 Ra2 45. Rb8+ Kg7 46. Ra8 h6 47. gxf5 exf5 48. a5 Kh7 49. a6 Kg7 1/2-1/2

[Event "Moscow op (Women) 17th"]
[Site "Moscow"]
[Date "2021.02.21"]
[Round "2"]
[White "Sannikova, Anna"]
[Black "Uzintseva, Daria"]
[Result "1/2-1/2"]
[WhiteElo "1759"]
[BlackElo "1326"]
[PlyCount "96"]
[EventDate "2021.02.20"]
[EventType "swiss"]
[EventRounds "9"]
[EventCountry "RUS"]
[SourceTitle "CBM 200 Extra"]
[Source "ChessBase"]
[SourceDate "2021.03.31"]
[SourceVersion "1"]
[SourceVersionDate "2021.03.31"]
[SourceQuality "1"]

1. d4 Nf6 2. Bf4 d5 3. e3 c5 4. dxc5 Nc6 5. Bb5 Qa5+ 6. Nc3 a6 7. Bxc6+ bxc6 8. Qd4 g6 9. Nge2 Bg7 10. Be5 0-0 11. 0-0 Ne8 12. Bxg7 Nxg7 13. b4 Qc7 14. Na4 Bf5 15. Nb6 Rab8 16. c3 Ne8 17. Ng3 Be6 18. Rad1 Nf6 19. a4 a5 20. b5 Bd7 21. Nxd7 Nxd7 22. b6 Qe5 23. f4 Qf6 24. e4 e6 25. f5 Qe7 26. Qd2 Qxc5+ 27. Kh1 Rfe8 28. f6 Qf8 29. c4 Nxb6 30. cxd5 cxd5 31. Qxa5 Nc4 32. Qc3 Qb4 33. Qxb4 Rxb4 34. Ra1 Ra8 35. Rfb1 Rxb1+ 36. Rxb1 Nd2 37. Ra1 Nxe4 38. Nxe4 dxe4 39. a5 Kf8 40. Kg1 Ke8 41. Kf2 Kd7 42. Ke3 e5 43. a6 Ra7 44. Kxe4 Ke6 45. Ra2 Kd6 46. Ra5 Ke6 47. Rxe5+ Kxf6 48. Ra5 Ke6 1/2-1/2

[Event "Voronezh op-B 23rd"]
[Site "Voronezh"]
[Date "2019.06.18"]
[Round "7"]
[White "Uzintseva, Daria"]
[Black "Lesnykh, Zhanna"]
[Result "0-1"]
[WhiteElo "1351"]
[BlackElo "1713"]
[PlyCount "94"]
[EventDate "2019.06.12"]
[EventType "swiss"]
[EventRounds "9"]
[EventCountry "RUS"]
[SourceTitle "EXT 2020"]
[Source "ChessBase"]
[SourceDate "2019.10.17"]
[SourceVersion "1"]
[SourceVersionDate "2019.10.17"]
[SourceQuality "1"]

1. d4 d6 2. e4 e5 3. dxe5 dxe5 4. Qxd8+ Kxd8 5. Bc4 Be6 6. Bxe6 fxe6 7. Be3 Nf6 8. f3 Bd6 9. Nd2 Nc6 10. 0-0-0 Ke7 11. Ne2 h6 12. g4 Nd7 13. Ng3 Bc5 14. Bxc5+ Nxc5 15. Ne2 Rhf8 16. Rdf1 b5 17. h4 Rad8 18. h5 Nd4 19. Nxd4 Rxd4 20. Rhg1 Rf4 21. Rh1 Kf6 22. Rfg1 Kg5 23. Re1 a5 24. Re3 a4 25. Rc3 Na6 26. Rc6 Rd6 27. Rxd6 cxd6 28. Re1 Rf7 29. Re3 Kf4 30. Rc3 Rc7 31. Rxc7 Nxc7 32. b3 axb3 33. axb3 b4 34. Kd1 Nb5 35. Ke2 Nd4+ 36. Kf2 d5 37. Kg2 Nxc2 38. Kf2 Nd4 39. Kg2 Ke3 40. Nf1+ Kd3 41. Kf2 Nxb3 42. exd5 exd5 43. Ne3 Nd2 44. Nd1 b3 45. Nb2+ Kc2 46. Na4 Nc4 47. Ke2 d4 0-1

[Event "Match/Nation FRA-RUS U12 Girls rapid"]
[Site "Brest"]
[Date "2018.06.04"]
[Round "10.3"]
[White "Uzintseva, Daria"]
[Black "Bousmaha, Leila"]
[Result "1-0"]
[WhiteElo "1365"]
[BlackElo "1541"]
[PlyCount "61"]
[EventDate "2018.06.02"]
[EventType "match (rapid)"]
[EventRounds "2"]
[EventCountry "FRA"]
[SourceTitle "EXT 2019"]
[Source "ChessBase"]
[SourceDate "2018.10.10"]
[SourceVersion "1"]
[SourceVersionDate "2018.10.10"]
[SourceQuality "1"]

1. d4 d5 2. c4 Bf5 3. Nc3 e6 4. cxd5 exd5 5. Bf4 Nf6 6. Nf3 Be7 7. e3 c6 8. Bd3 Bxd3 9. Qxd3 Nbd7 10. 0-0 0-0 11. Rac1 Re8 12. a3 h6 13. b4 Bf8 14. Na4 Ne4 15. Nd2 Nd6 16. Nc5 Nxc5 17. bxc5 Nb5 18. a4 Nc7 19. Rb1 Rb8 20. Nb3 Be7 21. Na5 Qc8 22. Rb2 Bg5 23. Bg3 f5 24. Rfb1 f4 25. exf4 Bf6 26. f5 Re4 27. Nxc6 Ra8 28. Rxb7 Re1+ 29. Rxe1 Qxb7 30. Ne7+ Bxe7 31. Rxe7 1-0

[Event "Match/Nation FRA-RUS U12 Girls"]
[Site "Brest"]
[Date "2018.06.03"]
[Round "3.3"]
[White "Cornileau, Juliette"]
[Black "Uzintseva, Daria"]
[Result "1-0"]
[WhiteElo "1644"]
[BlackElo "1365"]
[PlyCount "151"]
[EventDate "2018.06.02"]
[EventType "match (blitz)"]
[EventRounds "8"]
[EventCountry "FRA"]
[SourceTitle "EXT 2019"]
[Source "ChessBase"]
[SourceDate "2018.10.10"]
[SourceVersion "1"]
[SourceVersionDate "2018.10.10"]
[SourceQuality "1"]

1. e4 e6 2. d4 d5 3. exd5 exd5 4. Bd3 Nc6 5. Nf3 Bd6 6. 0-0 Nge7 7. h3 0-0 8. Nc3 Bb4 9. Re1 Bxc3 10. bxc3 Bf5 11. Bf4 Bxd3 12. Qxd3 Ng6 13. Bg3 Qd7 14. Ne5 Ncxe5 15. dxe5 c6 16. c4 Rad8 17. Rad1 Rfe8 18. f4 f5 19. cxd5 Qxd5 20. Qxf5 Qxd1 21. Rxd1 Rxd1+ 22. Kh2 Ra1 23. Qd3 Kf8 24. Qd6+ Kg8 25. Qd7 Re7 26. Qd3 Re8 27. Qb3+ Kf8 28. Qxb7 Rxa2 29. Qb4+ Re7 30. Bh4 Nxh4 31. Qb8+ Re8 32. Qb4+ Re7 33. Qb8+ Re8 34. Qd6+ Kg8 35. Qxc6 Re7 36. Qc4+ Kf8 37. Qxa2 Nf5 38. Qa3 Ke8 39. Qa4+ Kf8 40. Qb5 Nd4 41. Qb8+ Kf7 42. Qd6 Nxc2 43. Qc5 Ne1 44. Qd5+ Kf8 45. Qd8+ Kf7 46. Qd1 Nd3 47. Qxd3 Kf8 48. Qd5 Re8 49. f5 Re7 50. f6 gxf6 51. exf6 Re8 52. Qd6+ Kf7 53. Qf4 Re6 54. Qg5 Rxf6 55. Qa5 a6 56. Qd5+ Kg7 57. Qd7+ Rf7 58. Qd4+ Rf6 59. Qa4 Kg6 60. Qc2+ Kg7 61. h4 h6 62. Kh3 Rg6 63. Qc3+ Rf6 64. g4 Kf7 65. Qc4+ Kg7 66. Qe4 Kf7 67. g5 hxg5 68. hxg5 Rg6 69. Kg4 a5 70. Qd5+ Kg7 71. Kf5 Rb6 72. Qd4+ Kf8 73. Qxb6 a4 74. Kf6 Kg8 75. Qb7 a3 76. Qg7# 1-0

[Event "Match/Nation FRA-RUS U12 Girls"]
[Site "Brest"]
[Date "2018.06.03"]
[Round "1.3"]
[White "Pentcheff, Laura"]
[Black "Uzintseva, Daria"]
[Result "1-0"]
[WhiteElo "1536"]
[BlackElo "1365"]
[PlyCount "75"]
[EventDate "2018.06.02"]
[EventType "match (blitz)"]
[EventRounds "8"]
[EventCountry "FRA"]
[SourceTitle "EXT 2019"]
[Source "ChessBase"]
[SourceDate "2018.10.10"]
[SourceVersion "1"]
[SourceVersionDate "2018.10.10"]
[SourceQuality "1"]

1. d4 d5 2. Nf3 e6 3. g3 Nf6 4. Bg2 Nc6 5. 0-0 Bd6 6. c4 0-0 7. Nc3 Bb4 8. Qb3 Bxc3 9. Qxc3 Re8 10. Rd1 Ne4 11. Qc2 Qd7 12. a3 a5 13. Bf4 h6 14. Ne5 Nf6 15. Nxd7 Bxd7 16. Bxc7 Rac8 17. Bf4 dxc4 18. Qxc4 Nb4 19. Qb3 Nc6 20. Qxb7 g5 21. Bd6 Kg7 22. Be5 Kg6 23. Bxf6 Kxf6 24. Qxd7 Red8 25. Qb7 Nxd4 26. Qa6 Nb3 27. Rab1 Re8 28. Qd3 Nc5 29. Qd4+ e5 30. Qd6+ Kg7 31. Rbc1 Nb3 32. Rxc8 Rxc8 33. Qxe5+ f6 34. Qe7+ Kg6 35. Qe4+ Kg7 36. Rd7+ Kf8 37. Qe7+ Kg8 38. Qg7# 1-0

[Event "Match/Nation FRA-RUS U12 Girls"]
[Site "Brest"]
[Date "2018.06.03"]
[Round "2.3"]
[White "Uzintseva, Daria"]
[Black "Bousmaha, Leila"]
[Result "1-0"]
[WhiteElo "1365"]
[BlackElo "1541"]
[PlyCount "38"]
[EventDate "2018.06.02"]
[EventType "match (blitz)"]
[EventRounds "8"]
[EventCountry "FRA"]
[SourceTitle "EXT 2019"]
[Source "ChessBase"]
[SourceDate "2018.10.10"]
[SourceVersion "1"]
[SourceVersionDate "2018.10.10"]
[SourceQuality "1"]

1. d4 d5 2. c4 Bf5 3. Nc3 e6 4. Bf4 Nf6 5. e3 Be7 6. cxd5 exd5 7. Bd3 Bxd3 8. Qxd3 Nc6 9. a3 a6 10. Nf3 0-0 11. 0-0 Re8 12. Rac1 Bd6 13. Bxd6 Qxd6 14. Na4 Rab8 15. Nc5 Nd7 16. Nxd7 Qxd7 17. Qc3 Rbc8 18. b4 Re6 19. Qb2 Rg6 1-0

[Event "EU-ch U08 Girls 25th"]
[Site "Porec"]
[Date "2015.09.30"]
[Round "9"]
[White "Pawicka, Magdalena"]
[Black "Uzintseva, Daria"]
[Result "1/2-1/2"]
[WhiteElo "1283"]
[BlackElo "1176"]
[PlyCount "99"]
[EventDate "2015.09.21"]
[EventType "swiss"]
[EventRounds "9"]
[EventCountry "CRO"]
[SourceTitle "EXT 2016"]
[Source "ChessBase"]
[SourceDate "2015.10.08"]
[SourceVersion "1"]
[SourceVersionDate "2015.10.08"]
[SourceQuality "1"]

1. e4 c5 2. Nf3 a6 3. d4 cxd4 4. Nxd4 Nf6 5. Nc3 e5 6. Nb3 Bb4 7. Bd3 d6 8. 0-0 Bxc3 9. bxc3 Nbd7 10. Re1 0-0 11. Bg5 b6 12. Rb1 Bb7 13. Qf3 Rc8 14. c4 h6 15. Bh4 Qe7 16. Nd2 Rc6 17. Nf1 Qe6 18. Ne3 Rc5 19. Nf5 Kh7 20. Red1 g6 21. Ne3 Kg7 22. Nd5 Bxd5 23. exd5 Qe7 24. Qe3 Re8 25. f4 e4 26. Be2 h5 27. f5 Qe5 28. fxg6 fxg6 29. Rf1 Rb8 30. Rf2 Rcc8 31. Rbf1 Rf8 32. Bg5 Rf7 33. Bh4 Rbf8 34. Qh3 Nc5 35. Qe3 Ncd7 36. Bg3 Qe7 37. Qg5 Ne8 38. Qe3 Rxf2 39. Rxf2 Rxf2 40. Bxf2 Nc5 41. Qc3+ Kh7 42. Qh3 Qd7 43. Qh4 Kg7 44. Bd4+ Kg8 45. Qg5 Qh7 46. Qf4 Qf7 47. Qe3 Nf6 48. Qf4 Ne8 49. Qe3 Qe7 50. Qh6 1/2-1/2